=LDR 00000nam 2200000 4500 =001 INLIS000000000054813 =990 ##$$a 3202001382 =005 20220314113042 =990 ##$$a 3202001383 =035 ##$$a 0010-0220000375 =990 ##$$a 30709078 =007 ta =008 220314################g##########0#ind## =020 ##$$a 9798140192 =082 ##$$a 519.2 =084 ##$$a 519.2 Mul s =245 1#$$a Statistika : $b Untuk Ekonomi dan Bisnis /$c Sri Mulyono S.E., M.Sc =250 ##$$a Cet 4 =300 ##$$a 306 Halaman : $b Ilustrasi ; $c 24 Cm. =650 #4$$a Statistika Ekonomi =504 ##$$a Bibliografi: Halaman 265 =264 ##$$a Jakarta :$b Mitra Wacana Media,$c 2017 =336 ##$$a teks$2 rdacontent =337 ##$$a lain-lain$2 rdamedia =338 ##$$a lain-lain$2 rdacarrier =990 ##$$a 3202001382 =990 ##$$a 3202001383 =990 ##$$a 25172517 =990 ##$$a 30709078 =990 ##$$a 3202001382 =990 ##$$a 3202001383